International relations / (Record no. 192429)

MARC details
000 -LEADER
fixed length control field 01823nam a22004095i 4500
001 - CONTROL NUMBER
control field on1525682635
003 - CONTROL NUMBER IDENTIFIER
control field EBZ
005 - DATE AND TIME OF LATEST TRANSACTION
control field 20250827124148.0
006 - FIXED-LENGTH DATA ELEMENTS--ADDITIONAL MATERIAL CHARACTERISTICS
fixed length control field m d
007 - PHYSICAL DESCRIPTION FIXED FIELD--GENERAL INFORMATION
fixed length control field cr |||||||||||
008 - FIXED-LENGTH DATA ELEMENTS--GENERAL INFORMATION
fixed length control field 250630s20252025nju o 001 0 eng
040 ## - CATALOGING SOURCE
Original cataloging agency EBZ
Language of cataloging eng
Transcribing agency EBZ
Modifying agency MY-SjTCS
Description conventions rda
020 ## - INTERNATIONAL STANDARD BOOK NUMBER
International Standard Book Number 9780136901853
Qualifying information (electronic bk.)
020 ## - INTERNATIONAL STANDARD BOOK NUMBER
International Standard Book Number 0136901859
Qualifying information (electronic bk.)
020 ## - INTERNATIONAL STANDARD BOOK NUMBER
Canceled/invalid ISBN 9780136901600
Qualifying information (paperback)
082 04 - DEWEY DECIMAL CLASSIFICATION NUMBER
Classification number 327
Edition number 23
049 ## - LOCAL HOLDINGS (OCLC)
Holding library MAIN
100 1# - MAIN ENTRY--PERSONAL NAME
Personal name Pevehouse, Jon,
Relator term author.
9 (RLIN) 61962
245 10 - TITLE STATEMENT
Title International relations /
Statement of responsibility, etc. Jon C. W. Pevehouse, Sarah E. Kreps, Edward D. Mansfield, Joshua S. Goldstein.
250 ## - EDITION STATEMENT
Edition statement Thirteenth edition.
264 #1 - PRODUCTION, PUBLICATION, DISTRIBUTION, MANUFACTURE, AND COPYRIGHT NOTICE
Place of production, publication, distribution, manufacture Hoboken, NJ :
Name of producer, publisher, distributor, manufacturer Pearson Education, Inc.,
Date of production, publication, distribution, manufacture, or copyright notice [2025]
264 #4 - PRODUCTION, PUBLICATION, DISTRIBUTION, MANUFACTURE, AND COPYRIGHT NOTICE
Date of production, publication, distribution, manufacture, or copyright notice ©2025
300 ## - PHYSICAL DESCRIPTION
Extent 1 online resource
336 ## - CONTENT TYPE
Content type term text
Source rdacontent
337 ## - MEDIA TYPE
Media type term computer
Source rdamedia
338 ## - CARRIER TYPE
Carrier type term online resource
Source rdacarrier
341 0# - ACCESSIBILITY CONTENT
Content access mode textual
Source sapdv
Materials specified EBSCOhost
500 ## - GENERAL NOTE
General note Includes indexes.
532 #0 - ACCESSIBILITY NOTE
-- EBSCOhost
Summary of accessibility "EBSCO evaluates our products based on the Web Content Accessibility Guidelines (WCAG) and the related Section 508 and EN 301 549 regulations in the US and EU. Most EBSCO products are substantially conformant with WCAG 2.2 level AA." Source: https://connect.ebsco.com/s/article/EBSCO-VPATs?language=en_US. Last accessed April 22, 2025.
650 #0 - SUBJECT ADDED ENTRY--TOPICAL TERM
Topical term or geographic name entry element International relations.
655 #4 - INDEX TERM--GENRE/FORM
Genre/form data or focus term Electronic books.
700 1# - ADDED ENTRY--PERSONAL NAME
Personal name Kreps, Sarah E.,
Relator term author.
700 1# - ADDED ENTRY--PERSONAL NAME
Personal name Mansfield, Edward D.,
Relator term author.
700 1# - ADDED ENTRY--PERSONAL NAME
Personal name Goldstein, Joshua S.,
Relator term author.
776 08 - ADDITIONAL PHYSICAL FORM ENTRY
Relationship information Print version:
International Standard Book Number 9780136901600
856 40 - ELECTRONIC LOCATION AND ACCESS
Uniform Resource Identifier https://ezproxy.taylors.edu.my/login?url=https://search.ebscohost.com/login.aspx?direct=true&scope=site&db=nlebk&db=nlabk&AN=3875894
Public note An electronic book accessible through the World Wide Web; click to view
Holdings
Withdrawn status Lost status Source of classification or shelving scheme Damaged status Not for loan Home library Current library Date acquired Source of acquisition Cost, normal purchase price Inventory number Total Checkouts Date last seen Cost, replacement price Price effective from Koha item type Public note
    Dewey Decimal Classification   e-book Taylor's Library-TU Taylor's Library - Perpetual(TU) 03/09/2025 125 3725.60 TU700001803   03/09/2025 3725.60 03/09/2025 Main Collection SLGxx,93613,03,RM,PPT